| 000 -LEADER |
| fixed length control field |
00794cam a2200265 a 4500 |
| 001 - CONTROL NUMBER |
| control field |
3493607 |
| 005 - DATE AND TIME OF LATEST TRANSACTION |
| control field |
20180228093032.0 |
| 008 - FIXED-LENGTH DATA ELEMENTS--GENERAL INFORMATION |
| fixed length control field |
940407s1994 moua b 001 0 eng d |
| 010 ## - LIBRARY OF CONGRESS CONTROL NUMBER |
| LC control number |
94142736 |
| 020 ## - INTERNATIONAL STANDARD BOOK NUMBER |
| International Standard Book Number |
0801676630 |
| 035 ## - SYSTEM CONTROL NUMBER |
| System control number |
(OCoLC)30898213 |
| 040 ## - CATALOGING SOURCE |
| Original cataloging agency |
MdU-H |
| Transcribing agency |
MdU-H |
| Modifying agency |
Uk |
| -- |
WU-M |
| -- |
DLC |
| 041 ## - LANGUAGE CODE |
| Language code of text/sound track or separate title |
eng |
| 042 ## - AUTHENTICATION CODE |
| Authentication code |
lccopycat |
| 080 ## - UNIVERSAL DECIMAL CLASSIFICATION NUMBER |
| Universal Decimal Classification number |
616.07/5 BAU |
| 082 00 - DEWEY DECIMAL CLASSIFICATION NUMBER |
| Classification number |
616.07/5 BAU |
| Edition number |
20 |
| 100 ## - Rafti |
| Rafti |
3 |
| 101 ## - Shkurtesa |
| Shkurtesa |
SHM |
| 245 00 - TITLE STATEMENT |
| Title |
Health & physical assessment / |
| Statement of responsibility, etc |
Violet H. Barkauskas ... [et al.]. |
| 504 ## - BIBLIOGRAPHY, ETC. NOTE |
| Bibliography, etc |
Includes bibliographical references and index. |
| 740 0# - ADDED ENTRY--UNCONTROLLED RELATED/ANALYTICAL TITLE |
| Uncontrolled related/analytical title |
Health and physical assessment. |
| 906 ## - LOCAL DATA ELEMENT F, LDF (RLIN) |
| a |
7 |
| b |
cbc |
| c |
copycat |
| d |
2 |
| e |
ncip |
| f |
19 |
| g |
y-gencatlg |
| 942 ## - ADDED ENTRY ELEMENTS (KOHA) |
| Source of classification or shelving scheme |
|
| Item type |
Books |